Čo sťažuje u nás podmienky podnikania?

Príspevok prednesený na 11. zhromaždení HNclubu 6.9.1995. Dominantné prekážky v rozvoji podnikateľskej sféry na Slovensku. Priebeh transformačného procesu. Podmienky úspešného podnikania.

Gespeichert in:
Bibliographische Detailangaben
1. Verfasser: Majský, J.
Format: Buchkapitel
Sprache:Slowakisch
Schlagworte:
Tags: Tag hinzufügen
Keine Tags, Fügen Sie das erste Tag hinzu!

MARC

LEADER 00000naa a2200000 4500
001 r019286
005 20221213095634.6
041 0 |a slo 
044 |a SK 
245 1 0 |a Čo sťažuje u nás podmienky podnikania?  |c J. Majský 
520 |a Príspevok prednesený na 11. zhromaždení HNclubu 6.9.1995. Dominantné prekážky v rozvoji podnikateľskej sféry na Slovensku. Priebeh transformačného procesu. Podmienky úspešného podnikania. 
610 2 0 |a Slovensko 
610 2 0 |a 1993-1995 
610 2 0 |a podnikanie 
610 2 0 |a podpora podnikania 
100 1 |a Majský, J.